Quizzes
Events
Quiz Creation
Community
Videos
Private Events
Remove Ads
Sign In
Join for FREE
Feedback
Dark Mode
Quiz Categories
Sports
Geography
Music
Movies
Television
Just For Fun
Miscellaneous
History
Literature
Language
Science
Gaming
Entertainment
Religion
Holiday
For Kids
Quiz Lab
Recent
Popular Today
Quiz Kudos Today
Editor Picks
Curator Picks
Quizzes by...
Day
Popularity
Type
Ratings
Length
Year
Community
Subscriptions
Recent Discussions
Orange Saloon
Badges
Playlists
Quests
Create
Leaderboards
Showdown
Live 5
Trivia Bingo
Activity
Puzzle Library
Sporcle Events
Private Events
Virtual Trivia
Globe League
Become a Host
Pub Owners
SporcleCon
Opinionation
Our Games
Videos
Blog
Mobile Apps
Partnerships
Remove Ads and Go Orange
Feedback
Sports
Athletes
MLB
NBA
NHL
NFL
Soccer
Sports Teams
WWE
NCAA
Football
Premier League
Basketball
Baseball
Hockey
Golf
Tennis
Cricket
Rugby
Auto Racing
Olympics
World Cup
Sports
Athletes
MLB
NBA
NHL
NFL
Soccer
Sports Teams
WWE
NCAA
Football
Premier League
Basketball
Baseball
Hockey
Golf
Tennis
Cricket
Rugby
Auto Racing
Olympics
World Cup
Random Quiz
Search Sporcle
×
Quiz Lab
Quiz Lab
Sports
Auto Racing
Type in answers that appear in a list
Type in answers that appear in a list
Classic
Best Score? Go Orange.
F1 Points (almost) Stats
Can you name the F1 drivers that finished just below a points scoring position without ever scoring?
By
pedrombcaeiro
10m
47 Questions
125 Plays
125 Plays
125 Plays
Comments
Comments
Give Quiz Kudos
Give Quiz Kudos
-
- Ratings
hide this ad
More Info
Replay
Link that replays current quiz
Next Quiz
Link to next quiz in quiz playlist
You Got
0%
They Got
Avg Score
35%
Avg Friend Score
Upgrade to see
Score Distribution
Jump to the score distribution portion of the page
Score
0/47
Timer
10:00
0
Plays Today
Grand Prix
Driver
% Correct
2006 Australian GP (9th)
Scott Speed
94.4%
2007 Monaco GP (9th)
Scott Speed
94.4%
2002 Australian GP (7th)
Alex Yoong
88%
2002 Malaysian GP (7th)
Allan McNish
79.2%
1999 Australian GP (7th)
Toranosuke Takagi
68.8%
1993 San Marino GP (7th)
Luca Badoer
59.2%
1994 German GP (7th)
Olivier Beretta
58.4%
1990 Monaco GP (7th)
Gregor Foitek
51.2%
1990 Hungarian GP (7th)
Martin Donnelly
47.2%
1995 Italian GP (7th)
Massimiliano Papis
44%
1983 United States GP West (7th)
Raul Boesel
43.2%
1985 Australian GP (7th)
Huub Rothengatter
43.2%
1976 British GP (7th)
Harald Ertl
42.4%
1988 Monaco GP (7th)
Yannick Dalmas
42.4%
1988 United States GP (7th)
Yannick Dalmas
42.4%
1979 Canadian GP (7th)
Ricardo Zunino
40.8%
1980 Argentine GP (7th)
Ricardo Zunino
40.8%
1984 Dutch GP (7th)
François Hesnault
36%
1978 Belgian GP (7th)
Brett Lunger
35.2%
1977 Brazilian GP (7th)
Ingo Hoffmann
34.4%
1977 Italian GP (7th)
Patrick Nève
34.4%
1982 German GP (7th)
Brian Henton
33.6%
1981 Dutch GP (7th)
Siegfried Stohr
32.8%
1979 German GP (7th)
Geoff Lees
32%
Grand Prix
Driver
% Correct
1984 United States GP (7th)
Corrado Fabi
29.6%
1974 Swedish GP (7th)
Guy Edwards
25.6%
1977 German GP (7th)
Vern Schuppan
25.6%
1973 Spanish GP (7th)
Mike Beuttler
24%
1977 Austrian GP (7th)
Rupert Keegan
23.2%
1977 Canadian GP (7th)
Danny Ongais
23.2%
1974 Austrian GP (7th)
David Hobbs
21.6%
1963 United States GP (7th)
Peter Broeker
20.8%
1956 Argentine GP (6th, shared)
Alberto Uría
20%
1960 Italian GP (7th)
Edgar Barth
20%
1956 Argentine GP (6th, shared)
Óscar González
17.6%
1950 British GP (6th)
Bob Gerard
16.8%
1950 Monaco GP (6th)
Bob Gerard
16.8%
1957 British GP (6th)
Bob Gerard
16.8%
1951 Italian GP (6th)
André Simon
14.4%
1952 Italian GP (6th)
André Simon
14.4%
1969 Canadian GP (7th)
Pete Lovely
13.6%
1950 French GP (6th, shared with Louis Rosier)
Charles Pozzi
9.6%
1952 German GP (6th)
Roger Laurent
7.2%
1954 Italian GP (6th)
Fred Wacker
7.2%
1963 Mexican GP (7th)
Hap Sharp
7.2%
1956 Italian GP (6th)
Luigi Piotti
6.4%
1959 German GP (6th)
Ian Burgess
4%
Quiz Playlist
Details
Report
Send in Message
Add To Playlist
More Info:
Indianapolis 500 not included.
Classic:
Type in answers that appear in a list
Last Updated: Mar 8, 2017
Quiz Scoreboard
CHALLENGE
Sign Up to Join the Scoreboard
Show All
Scores
Hide
Comments
May contain spoilers
Recently Published
Presidents Visiting Landmarks
by Hejman
History
7m
An Introduction to Baseball
by treessimontrees
Sports
5m
Movies - When Are They Set?
by FPL_Elf
Movies
5m
More to Explore
Quiz From the Vault
Featured Blog Post
Where Did the Easter Bunny Come From?
hide this ad
You Might Also Like...
Tags
Auto Racing Quiz
Driver
F1 Drivers
Formula 1
Point Scorers
Today's Top Quizzes in Sports
Browse Sports
hide this ad
Today's Top Quizzes in Auto Racing
Browse Auto Racing
Top Contributed Quizzes in Sports
1
Les meilleurs buteurs des matchs entre le PSG et l’OM
2
2022 World Cup Stars
3
FIFA Club World Cup Champions
4
Les entraîneurs de l'OM et du PSG au 21e siècle
5
Name the Premier League winners with different clubs
6
5-to-1: UK Sports Teams
7
La finale Lions - Afrique du Sud 2021
8
Criteria MLB: Left Handed Sluggers
9
AFC Teams Reveal (Wrong Answers Minefield)
10
England Test cricketers to play under Nasser Hussain
Explore More
Trending Topics
Kpop
Marvel
Crossword
Harry Potter
Anime
Disney
NBA
Song
Puzzle
WWE
Country
NFL
Soccer
Pokémon
The Office
hide this ad
More By:
pedrombcaeiro
Quiz
Plays
Rating
Category
Featured
Created
F1 Champions (almost)
6,339
4.57
Sports
Feb 25, 2017
F1 Title Contenders
1,574
4.33
Sports
Apr 11, 2017
F1 Dream Teams
1,534
4.67
Sports
Jun 29, 2020
F1 Copycats
1,239
4.73
Sports
Mar 26, 2017
Ferrari top scorers
1,004
5.00
Sports
May 27, 2017
Go to Creator's Profile
Score Distribution
Quiz Creator Spotlight
pedrombcaeiro
Follow
Send a Message
Quizzes Created
-
Created Quiz Play Count
-
More By This Creator
Popular Quizzes Today
1
Find the US States - No Outlines Minefield
2
Find the Countries of Europe - No Outlines Minefield
3
The Countries of the World
4
Find the US States
5
Popular People in 1961
6
US States
7
Risky Map Clicking: Biggest States A-Z
8
Movies - When Are They Set?
More Sports Quizzes
Kansas City Royals top 20 single season leaders
Quiz Lab
Trending Quizzes
Risky Map Clicking: Least Populous States A-Z
1-10 Letter G Words
1-10 Letter F Words
Risky Map Clicking: Next State Alphabetically
Risky Map Clicking: Biggest States A-Z
Recently Updated
Leaping Animals
pecheneg
Reality TV Shows (A-Z)
bhenderson79
Rickey Henderson's Hall of Fame Teammates
pecheneg
Champions League XIs: Arsenal
pecheneg
Quick Pick: Celebrities in WWE's Hall of Fame
aduchscher
A-Z Keypad Blitz II
pecheneg
Multiple Oscar Actors
pecheneg
Mystery Phrase Blitz: Oscar 'Best Actors'
pecheneg
F. Scott Fitzgerald Novels
LTH
Pick 3 Villains
ddd62291
Trending Topics
NBA
Marvel
Harry Potter
Anime
Crossword
Kpop
Disney
The Office
Pokémon
Song
Soccer
Country
Puzzle
NFL
WWE
Your Account Isn't Verified!
In order to create a playlist on Sporcle, you need to verify the email address you used during registration. Go to your
Sporcle Settings
to finish the process.
Report this User
Report this user for behavior that violates our
Community Guidelines
.
Details:
Send Report
Go to the Sporcle.com Mobile Site →
Comments